15 najbardziej dotkniętych krajów Covid-19 - 10 sierpnia - Statystyki

Ogólne statystyki
  • Ten quiz został rozwiązany 38 razy
  • Średni wynik to 9 z 25
Statystyki odpowiedzi
kraj % Poprawnych
Stany Zjednoczone
94%
Rosja
81%
Indie
67%
Brazylia
64%
Wielka Brytania
58%
Hiszpania
56%
Meksyk
53%
Republika Południowej Afryki
53%
Kolumbia
39%
Peru
39%
Chile
33%
Chile
33%
Iran
31%
Pakistan
31%
Szwecja
25%
Arabia Saudyjska
22%
Bangladesz
22%
Izrael
17%
Katar
14%
Oman
14%
Panama
11%
Kuwejt
8%
Singapur
8%
Bahrajn
6%
Armenia
3%
Nie znaleziono quizów pasujących do podanych kryteriów
Rozkład punktacji
Procent ludzi z każdym wynikiem
Percentyl według liczby udzielonych odpowiedzi
Twoja historia wyników
Nie rozwiązałeś tego quizu